| 000 -LEADER |
| fixed length control field |
01096cam a2200349 a 4500 |
| 001 - CONTROL NUMBER |
| control field |
16989414 |
| 005 - DATE AND TIME OF LATEST TRANSACTION |
| control field |
20180202044219.0 |
| 008 - FIXED-LENGTH DATA ELEMENTS--GENERAL INFORMATION |
| fixed length control field |
111003s2013 maua 000 0 eng |
| 010 ## - LIBRARY OF CONGRESS CONTROL NUMBER |
| LC control number |
2011041340 |
| 020 ## - INTERNATIONAL STANDARD BOOK NUMBER |
| International Standard Book Number |
9780321794376 (main version) |
| 020 ## - INTERNATIONAL STANDARD BOOK NUMBER |
| International Standard Book Number |
0321794370 |
| 020 ## - INTERNATIONAL STANDARD BOOK NUMBER |
| International Standard Book Number |
9780321803658 (cat version) |
| 020 ## - INTERNATIONAL STANDARD BOOK NUMBER |
| International Standard Book Number |
0321803655 |
| 020 ## - INTERNATIONAL STANDARD BOOK NUMBER |
| International Standard Book Number |
9780321804129 (pig version) |
| 020 ## - INTERNATIONAL STANDARD BOOK NUMBER |
| International Standard Book Number |
0321804120 |
| 020 ## - INTERNATIONAL STANDARD BOOK NUMBER |
| International Standard Book Number |
9780321809773 (instructor's version) |
| 020 ## - INTERNATIONAL STANDARD BOOK NUMBER |
| International Standard Book Number |
0321809777 |
| 035 ## - SYSTEM CONTROL NUMBER |
| System control number |
(DNLM)101570473 |
| 040 ## - CATALOGING SOURCE |
| Original cataloging agency |
DNLM/DLC |
| Transcribing agency |
DLC |
| Modifying agency |
DLC |
| 041 ## - LANGUAGE CODE |
| Language code of text/sound track or separate title |
eng |
| 042 ## - AUTHENTICATION CODE |
| Authentication code |
pcc |
| 060 10 - NATIONAL LIBRARY OF MEDICINE CALL NUMBER |
| Classification number |
QS 25 |
| 080 ## - UNIVERSAL DECIMAL CLASSIFICATION NUMBER |
| Universal Decimal Classification number |
612.0078 |
| 082 00 - DEWEY DECIMAL CLASSIFICATION NUMBER |
| Classification number |
612.0078 WOO |
| Edition number |
23 |
| 100 1# - Rafti |
| Rafti |
6 |
| 101 ## - Shkurtesa |
| Shkurtesa |
ANA |
| 245 10 - TITLE STATEMENT |
| Title |
Laboratory manual for anatomy & physiology : |
| Statement of responsibility, etc |
Michael G. Wood, with William C. Ober, art coordinator and illustrator, Claire W. Garrison, illustrator ... [et al.]. |
| 246 1# - VARYING FORM OF TITLE |
| Title proper/short title |
Laboratory manual for anatomy and physiology |
| 906 ## - LOCAL DATA ELEMENT F, LDF (RLIN) |
| a |
7 |
| b |
cbc |
| c |
orignew |
| d |
1 |
| e |
ecip |
| f |
20 |
| g |
y-gencatlg |
| 942 ## - ADDED ENTRY ELEMENTS (KOHA) |
| Source of classification or shelving scheme |
|
| Item type |
Books |